[Event "Heusenstamm Sparkassen op-B 7th"]
[Site "Heusenstamm"]
[Date "2021.11.19"]
[Round "3.55"]
[White "Deboer, Martin"]
[Black "Matsoukas, Konstantinos"]
[Result "0-1"]
[WhiteElo "763"]
[BlackElo "1148"]
[PlyCount "112"]
[EventDate "2021.11.18"]
[EventType "swiss"]
[EventRounds "7"]
[EventCountry "GER"]
[SourceTitle "EXT 2023"]
[Source "ChessBase"]
[SourceDate "2022.10.05"]
[SourceVersion "1"]
[SourceVersionDate "2022.10.05"]
[SourceQuality "1"]

1. e4 e5 2. Nf3 Nc6 3. g3 Nf6 4. Nc3 d5 5. d3 dxe4 6. dxe4 Qxd1+ 7. Nxd1 Nxe4 8. Bb5 Bg4 9. Bxc6+ bxc6 10. Nxe5 Bxd1 11. Kxd1 Nxf2+ 12. Ke2 Nxh1 13. Nxc6 Bc5 14. Be3 Bxe3 15. Kxe3 0-0 16. Rxh1 Rfe8+ 17. Kf3 Re6 18. Nd4 Rf6+ 19. Kg2 Rd8 20. Nf3 Kf8 21. Re1 Re6 22. Rf1 Re2+ 23. Kh3 Rxc2 24. Ng5 Rdd2 25. Rxf7+ Kg8 26. Re7 Rxh2+ 27. Kg4 Kf8 28. Rd7 Rc4+ 29. Kf5 Rf2+ 30. Ke5 Rc5+ 31. Kd4 Rxg5 32. Rxc7 Rd2+ 33. Kc3 Rd1 34. Rc8+ Kf7 35. Rc7+ Ke6 36. Rc6+ Rd6 37. Rxd6+ Kxd6 38. a4 Rxg3+ 39. Kb4 Rg2 40. b3 Rg4+ 41. Kb5 h5 42. a5 Kc7 43. a6 h4 44. b4 Rxb4+ 45. Kxb4 Kb6 46. Kc4 h3 47. Kd5 h2 48. Kd6 h1Q 49. Kd7 Qc6+ 50. Kd8 Qc7+ 51. Ke8 Kc6 52. Kf8 Kd6 53. Kg8 g5 54. Kh8 Ke6 55. Kg8 Kf6 56. Kh8 Qg7# 0-1

[Event "Heusenstamm Sparkassen op-B 6th"]
[Site "Heusenstamm"]
[Date "2019.11.24"]
[Round "6"]
[White "Mook, Karl Juergen"]
[Black "Matsoukas, Konstantinos"]
[Result "0-1"]
[WhiteElo "1513"]
[BlackElo "1069"]
[PlyCount "70"]
[EventDate "2019.11.21"]
[EventType "swiss"]
[EventRounds "7"]
[EventCountry "GER"]
[SourceTitle "CBM 194 Extra"]
[Source "ChessBase"]
[SourceDate "2020.03.31"]
[SourceVersion "1"]
[SourceVersionDate "2020.03.31"]
[SourceQuality "1"]

1. e4 e5 2. Nf3 Nc6 3. Be2 Nf6 4. d4 exd4 5. e5 Ng4 6. Nxd4 Ngxe5 7. 0-0 Bc5 8. Nf3 0-0 9. Nc3 Re8 10. Bf4 d6 11. h3 Bf5 12. a3 Qd7 13. Nd5 Ne7 14. Ne3 N7g6 15. Bg3 Be4 16. Nd2 Bc6 17. Kh2 Kh8 18. Ndc4 Rad8 19. Nxe5 Nxe5 20. Ng4 f5 21. Nxe5 dxe5 22. f3 Qf7 23. Qe1 g5 24. Bf2 Bd6 25. Kh1 e4 26. Qc3+ Be5 27. Qb4 exf3 28. Bxf3 Bxf3 29. gxf3 Qh5 30. Kg2 g4 31. fxg4 fxg4 32. h4 g3 33. Be1 Qe2+ 34. Bf2 gxf2 35. Kh3 Qf3# 0-1

[Event "Thessaloniki White Tower op-C 41th"]
[Site "Thessaloniki"]
[Date "2019.01.07"]
[Round "6.38"]
[White "Matsoukas, Konstantinos"]
[Black "Siskou, Evangelia"]
[Result "1-0"]
[WhiteElo "1000"]
[BlackElo "1000"]
[PlyCount "103"]
[EventDate "2019.01.02"]
[EventType "swiss"]
[EventRounds "6"]
[EventCountry "GRE"]
[SourceTitle "EXT 2024"]
[Source "ChessBase"]
[SourceDate "2023.10.10"]
[SourceVersion "1"]
[SourceVersionDate "2023.10.10"]
[SourceQuality "1"]

1. e4 e5 2. Nf3 Nc6 3. d4 d6 4. d5 Nce7 5. Nc3 Nf6 6. Bc4 Bd7 7. 0-0 Ng6 8. Bg5 Be7 9. Qd2 0-0 10. Rad1 h6 11. Bxf6 Bxf6 12. Rfe1 Bg5 13. Nxg5 hxg5 14. f3 Kh7 15. Bb5 Rh8 16. Bxd7 Qxd7 17. Qf2 Kg8 18. Qg3 Nf4 19. Qxg5 Rf8 20. Qg3 Qe7 21. Ne2 Nh5 22. Qf2 Qg5 23. Ng3 Qh4 24. Nxh5 Qxh5 25. h3 Qg6 26. Rd3 Rxh3 27. Ree3 Rh8 28. f4 Qg4 29. f5 Qh5 30. Rh3 Qg5 31. Rxh8+ Kxh8 32. Rh3+ Kg8 33. Qh4 Qxh4 34. Rxh4 f6 35. Rh3 g5 36. fxg6 Re8 37. Rh7 Kf8 38. Rxc7 Kg8 39. Rxb7 Kf8 40. Rf7+ Kg8 41. Kh2 Rf8 42. Rh7 Re8 43. b4 Rb8 44. a3 Kf8 45. Rxa7 Kg8 46. Kh3 Kf8 47. Kh4 Kg8 48. Rf7 Kh8 49. Kh5 Kg8 50. Kh6 Kh8 51. a4 Rxb4 52. Rf8# 1-0

[Event "Thessaloniki White Tower op-C 41th"]
[Site "Thessaloniki"]
[Date "2019.01.03"]
[Round "2.34"]
[White "Matsoukas, Konstantinos"]
[Black "Kotzamani, Fani Maria"]
[Result "0-1"]
[WhiteElo "866"]
[BlackElo "841"]
[PlyCount "118"]
[EventDate "2019.01.02"]
[EventType "swiss"]
[EventRounds "6"]
[EventCountry "GRE"]
[SourceTitle "EXT 2024"]
[Source "ChessBase"]
[SourceDate "2023.10.10"]
[SourceVersion "1"]
[SourceVersionDate "2023.10.10"]
[SourceQuality "1"]

1. e4 e5 2. Nf3 Nc6 3. d4 f6 4. Nc3 Bb4 5. d5 Nce7 6. a3 Ba5 7. b4 Bb6 8. Bc4 a5 9. b5 d6 10. 0-0 Bd7 11. Qd3 Nh6 12. Be3 Nf7 13. Bxb6 cxb6 14. Rad1 Qc7 15. a4 0-0 16. Rfe1 f5 17. Nh4 f4 18. Nf5 Nxf5 19. exf5 Bxf5 20. Qxf5 Qxc4 21. Rd3 Nh6 22. Qe6+ Nf7 23. Re4 Qc7 24. Re2 Rae8 25. Qf5 Nh6 26. Qe4 Qe7 27. Na2 Qh4 28. h3 Nf5 29. c3 Qg5 30. Rc2 Nh4 31. g3 Nf5 32. h4 Nxh4 33. Rf3 Nxf3+ 34. Qxf3 fxg3 35. Qxg3 Qf5 36. Rd2 Qb1+ 37. Kg2 Rf6 38. f3 Rg6 39. Qxg6 Qxg6+ 40. Kf2 Rf8 41. Re2 Qf6 42. Re3 Qh4+ 43. Ke2 Qh2+ 44. Kd3 Qxa2 45. c4 Qb3+ 46. Ke2 Qxc4+ 47. Kf2 Qxa4 48. Rd3 e4 49. Re3 Qc2+ 50. Re2 Qd3 51. Ke1 Qxf3 52. Kd2 Re8 53. Ke1 a4 54. Rf2 Qg3 55. Kf1 e3 56. Rg2 Qf3+ 57. Kg1 e2 58. Rf2 e1Q+ 59. Rf1 Qeg3# 0-1

[Event "Heusenstamm Sparkassen op U14 5th"]
[Site "Heusenstamm"]
[Date "2018.11.25"]
[Round "5"]
[White "Heuberger, Melanie"]
[Black "Matsoukas, Konstantinos"]
[Result "0-1"]
[WhiteElo "774"]
[BlackElo "866"]
[PlyCount "64"]
[EventDate "2018.11.23"]
[EventType "swiss"]
[EventRounds "7"]
[EventCountry "GER"]
[SourceTitle "CBM 188 Extra"]
[Source "ChessBase"]
[SourceDate "2019.02.26"]
[SourceVersion "1"]
[SourceVersionDate "2019.02.26"]
[SourceQuality "1"]

1. e4 d5 2. exd5 Qxd5 3. d4 Qd8 4. Bb5+ c6 5. Bc4 c5 6. Bg5 cxd4 7. c3 Nf6 8. Bb5+ Bd7 9. cxd4 Bxb5 10. Nc3 Qa5 11. Nge2 h6 12. Bxf6 exf6 13. 0-0 Bb4 14. Nd5 Bd2 15. Qc2 0-0 16. Ng3 Bxf1 17. Nxf1 Nc6 18. Qf5 Nxd4 19. Qd3 Qxd5 20. Qxd2 Rac8 21. Rc1 b6 22. Ne3 Qe4 23. Nc2 Nxc2 24. f3 Qa4 25. b3 Qxa2 26. Qb4 Nxb4 27. Rxc8 Qb1+ 28. Kf2 Nd3+ 29. Kg3 Qe1+ 30. Kg4 Rxc8 31. Kh3 g5 32. f4 Qh4# 0-1

[Event "Bad Soden U10 op 5th"]
[Site "Bad Soden"]
[Date "2018.10.01"]
[Round "5"]
[White "Aravindan, Midhulan"]
[Black "Matsoukas, Konstantinos"]
[Result "1-0"]
[WhiteElo "1407"]
[BlackElo "866"]
[PlyCount "83"]
[EventDate "2018.09.30"]
[EventType "swiss"]
[EventRounds "9"]
[EventCountry "GER"]
[SourceTitle "EXT 2020"]
[Source "ChessBase"]
[SourceDate "2019.10.17"]
[SourceVersion "1"]
[SourceVersionDate "2019.10.17"]
[SourceQuality "1"]

1. e4 e5 2. Nf3 Nc6 3. Bb5 a6 4. Bxc6 dxc6 5. 0-0 Bd6 6. d3 Nf6 7. Bg5 0-0 8. Nbd2 c5 9. h3 Be6 10. Qe2 h6 11. Bh4 Bd7 12. Nc4 Be7 13. Ncxe5 Be6 14. Rfd1 Nd7 15. Bxe7 Qxe7 16. d4 cxd4 17. Nxd7 Bxd7 18. Rxd4 Bb5 19. c4 Bc6 20. Rad1 Bxe4 21. Qxe4 Qxe4 22. Rxe4 b5 23. c5 c6 24. Rd6 Rac8 25. Nd4 Rce8 26. Rxe8 Rxe8 27. Rxc6 Re1+ 28. Kh2 a5 29. Nxb5 Re2 30. f3 Rxb2 31. a4 Ra2 32. Nc3 Ra3 33. Ne4 Rxa4 34. Ra6 Kf8 35. Ra7 Ra3 36. c6 Ke8 37. Nd6+ Kd8 38. c7+ Kd7 39. c8Q+ Kxd6 40. Qd7+ Kc5 41. Rc7+ Kb6 42. Qc6# 1-0